| 000 | 00404nam a2200169 4500 | ||
|---|---|---|---|
| 003 | OSt | ||
| 005 | 20220311111515.0 | ||
| 008 | 220311b |||||||| |||| 00| 0 eng d | ||
| 020 | _a0237495104 | ||
| 040 | _cHU | ||
| 082 | _a635 GER 1976 | ||
| 100 |
_aT.M.GREENSILL _932815 |
||
| 245 | _aGROWING BETTER VEGETABLES | ||
| 260 |
_aBRITAIN _bEVANS _c1976 |
||
| 300 |
_a159 P _c23 _fPC |
||
| 942 |
_2ddc _cBOOKS _n0 |
||
| 999 |
_c32677 _d32677 |
||